| 000 | 00557nam a2200193 i 4500 | ||
|---|---|---|---|
| 001 | 7572 | ||
| 003 | ES-MaACL | ||
| 005 | 20230906145251.0 | ||
| 007 | t| | ||
| 008 | 910305s1990 sp ||||1| spa d | ||
| 020 | _a84-234-0820-5 | ||
| 080 | _a347.453 | ||
| 100 | 1 |
_aAmat, Oriol. _921133 |
|
| 245 | 1 | 3 |
_aEl Leasing _b: modalidades, funcionamiento y comparacion con otras opciones / _cOriol Amat. |
| 260 |
_aBilbao : _bDeusto, _cD.L. 1990. |
||
| 300 |
_a134 p. ; _c22 cm. |
||
| 650 | 1 | 4 |
_aLeasing. _914057 |
| 852 |
_aES-MaACL _jL-14826 _bR.119060 _z. - rust. |
||
| 999 |
_c7572 _d7572 |
||